Helloween Albums - Statistics

General Stats
  • This quiz has been taken 115 times
  • The average score is 11 of 15
Answer Stats
Year Album % Correct
1987 Keeper of the Seven Keys: Part I
99%
1988 Keeper of the Seven Keys: Part II
99%
2005 Keeper of the Seven Keys: The Legacy
99%
1985 Walls of Jericho
87%
1993 Chameleon
79%
1991 Pink Bubbles Go Ape
77%
1994 Master of the Rings
75%
1996 The Time of the Oath
69%
1998 Better Than Raw
63%
2000 The Dark Ride
63%
2003 Rabbit Don't Come Easy
62%
2015 My God-Given Right
56%
2010 7 Sinners
51%
2007 Gambling with the Devil
49%
2013 Straight Out of Hell
49%
No matching quizzes found
Score Distribution
Percent of People with Each Score
Percentile by Number Answered
Your Score History
You have not taken this quiz